[Event "SRI-chB"]
[Site "Colombo"]
[Date "2023.03.06"]
[Round "5"]
[White "Dharmakeerthi, GK Pasindu Nimsara"]
[Black "Perera, HA Lisanda Vinsith"]
[Result "1-0"]
[WhiteElo "1759"]
[BlackElo "1479"]
[PlyCount "51"]
[EventDate "2023.03.04"]
[EventType "swiss"]
[EventRounds "11"]
[EventCountry "SRI"]
[SourceTitle "CBM 213 Extra"]
[Source "ChessBase"]
[SourceDate "2023.05.31"]
[SourceVersion "1"]
[SourceVersionDate "2023.05.31"]
[SourceQuality "1"]

1. e4 e5 2. Nf3 d6 3. d4 exd4 4. Nxd4 Nf6 5. Nc3 Be7 6. Be2 Nc6 7. Be3 Be6 8. f4 Qc8 9. Qd2 Ng8 10. 0-0-0 Bf6 11. h3 Qd8 12. g4 h6 13. Bf3 Nxd4 14. Bxd4 Bxd4 15. Qxd4 Qf6 16. e5 dxe5 17. Qa4+ Kf8 18. Bxb7 Re8 19. f5 Bc8 20. Bc6 Rd8 21. Qb4+ Rd6 22. Ne4 Qe7 23. Nxd6 cxd6 24. Rxd6 g5 25. f6 Nxf6 26. Rd8+ 1-0